000 01252nam a2200337 i 4500
003 EG-GICUC
005 20260211185319.0
008 260211s2007 ua ||||fr|||| 00| 0 ara d
017 _a2007/7464
020 _a9770451916
040 _a EG-GICUC
_bara
_c EG-GICUC
_d EG-GICUC
_erda
041 0 _aara
082 0 4 _a343.431
_bم ر . إ
_221
092 0 4 _221
099 _aLaw1 10 343.431 م ر . إ 2007 1006225
100 0 _aمرفت محمد البارودي.
_eمؤلف.
245 1 2 _aالإرهاب النووي ومجابهته:
_cدكتوره مرفت محمد البارودي.
264 1 _aالقاهرة :
_bدار النهضة العربية ،
_c2007.
300 _a103 صفحة ؛
_c24 سم.
_bإيضاحيات، صور، مثيليات ؛
336 _2rda content
_atext
337 _2rda media
_aComputer
338 _2rda carrier
_aOnline Resource
504 _aيشتمل على ارجاعات ببليوجرافية.
546 _aالنص باللغة العربية
650 1 4 _aالتشريع الخاص بالإرهاب.
_2qrmak
650 1 4 _aالقانون الجنائي.
_2qrmak
651 1 _2qrmak
856 4 0 _uhttps://fll.law.cu.edu.eg/fulltext/bks/B10-06225.pdf
905 _a18
942 _2ddc
_cBK
_e21
_n0
999 _c62682
_d62682